00301nam a2200121Ia 4500008004100000041000800041082001400049100001600063245002600079260004000105300002700145365000700172240624s9999 xx 000 0 und d aeng a332.6 GAN aGANGADHAR V aINVESTMENT MANAGEMENT c2003aNew DelhibAnmol Publications aviii, : 465 : cm. ; 24 cRS